| 000 | 01111nam a2200241 a 4500 | ||
|---|---|---|---|
| 001 | 41225 | ||
| 003 | BD-RjUL | ||
| 005 | 20211209053341.0 | ||
| 008 | 160517c2006 ii ||||| |||| 00| 0 ben d | ||
| 020 | _c: Tk.170.00 | ||
| 035 | _a(BD-RjUL)41341 | ||
| 040 |
_aBD-RjUL _bben _cBD-RjUL |
||
| 041 | _aben | ||
| 082 |
_223 _a891.4409 _bDAS 2006 |
||
| 100 |
_aদাশগুপ্ত, শশিভূসষণ _9126823 |
||
| 245 | 1 | 0 |
_aশ্রীরাধার ক্রমবিকাশ দর্শনে ও সাহিত্যে / _cশশিভূসষণ দাশগুপ্ত |
| 260 |
_aকলকাতা : _bএ মুখার্জী এ্যান্ড কোং প্রাইভেট লিমিটেড, _c২০০৬. |
||
| 300 |
_a[১০], ৪০৬ পৃ. ; _c২১ সেমি. |
||
| 504 | _aগ্রন্থপঞ্জি ও শব্দসূচি সংযুক্ত | ||
| 650 |
_aবাংলা সাহিত্য _vইতিহাস ও সমালোচনা _9117445 |
||
| 650 |
_aBengali literature _vHistory and criticism _9126824 |
||
| 942 |
_2ddc _cBK |
||
| 999 |
_c41225 _d41225 |
||